000 00239nam a2200097Ia 4500
001 688015
005 20250826161607.0
008 250824s9999 xx 000 0 und d
245 0 _aKAYI VII
_cAHMET ŞİMŞİRGİL
260 _bTİMAŞ YAYINLARI
999 _c688015
_d688015